| 000 | 00494nam a2200169 i 4500 | ||
|---|---|---|---|
| 001 | 149277 | ||
| 003 | ES-MaACL | ||
| 005 | 20230906203025.0 | ||
| 007 | t| | ||
| 008 | 071019s1972 sp ||||1| spa d | ||
| 100 | 1 |
_aVellay, Pierre. _9113853 |
|
| 245 | 1 | 3 |
_aLa vida sexual de la pareja / _cPierre Vellay ; [traducción de J. M. de Burgos]. |
| 260 |
_aBarcelona : _bClio, _c1972. |
||
| 300 |
_a94 p. ; _c20 cm. |
||
| 700 | 1 |
_aBurgos, J. M. de. _932651 |
|
| 852 |
_aES-MaACL _jC-48086 _bR.81295 |
||
| 999 |
_c149277 _d149277 |
||